000
00179 a2200085 4500
245
_a
THE MERCHANT OF VENICE
_h
Text
100
_a
BERNARD LOTT
650
_a
literature
005
20191021095126.0
084
_a
NONE
999
_c
11848
_d
11848